|
|
|
|
| LEADER |
00675cam a2200193 7i4500 |
| 001 |
0000030984 |
| 005 |
20140819090000.0 |
| 020 |
0 |
0 |
|a 9780770437497
|
| 090 |
0 |
0 |
|a B 338.7663940973
|b GOL
|
| 100 |
1 |
0 |
|a Goldman
|
| 245 |
1 |
0 |
|a Mission in a bottle :
|b the honest guide to doing business differently - and succeeding.
|
| 260 |
0 |
0 |
|a New York:
|b Crown Business,
|c 2013.
|
| 300 |
# |
# |
|a 278 p.
|
| 650 |
0 |
0 |
|a Tea trade --
|z United States of America
|
| 650 |
0 |
0 |
|a Soft drink industry --
|z United States of America
|
| 650 |
0 |
0 |
|a Iced tea --
|z United States of America
|
| 650 |
0 |
0 |
|a Graphic novel
|
| 651 |
0 |
0 |
|a United States of America
|
| 999 |
|
|
|a B000034275
|b Book
|c Book
|e Business Information Centre
|